000 00774nam a22002297i 4500
999 _c23001
_d23001
003 AR-CdUCM
008 240823b20222022 ck||||| |||| 00| 0 spa d
020 _a978-958-792-363-6
040 _aMUNICIPALIDAD PROVINCIAL DEL CUSCO
_cBIBLIOTECA MUNICIPAL DEL CUSCO
082 _a371.22 / R74C
_bR74C
100 _aRodríguez Gonzales, Ángela
_950245
245 _aCoaching Familiar /
260 _aBogotá :
_bICB Editores
_c2022
300 _a182 páginas. :
_c24 cm
500 _zBibliografía: Páginas 181-182
505 _aOrígenes del coaching -- Código deontológico -- Efecto Pigmalión
650 _aPsicología familiar
_950246
650 _aCoaching
_950238
650 _aRelaciones personales
_927931
942 _2ddc
_cLIBROS
945 _apbj
_d2024-08-23